Grid Position | Name |
1,1 | Hulk Hogan | | 99% | 1,2 | Ric Flair | | 94.2% | 1,7 | The Rock | | 93.8% | 1,8 | Stone Cold Steve Austin | | 93.4% | 1,3 | Macho Man Randy Savage | | 92.2% | 1,5 | Andre The Giant | | 92.2% | 1,6 | Bret Hart | | 92% | 1,4 | Ultimate Warrior | | 90.6% | 2,4 | Booker T | | 89.6% | 3,8 | John Cena | | 88.4% | 3,4 | Triple H | | 88.3% | 3,5 | The Big Show | | 88.1% | 3,1 | Undertaker | | 87.8% | 3,2 | Shawn Michaels | | 87.7% | 3,6 | Kane | | 87.5% | 2,3 | Goldberg | | 87.3% | 3,7 | Edge | | 87.3% | 3,3 | Chris Jericho | | 86.8% | 5,1 | Randy Orton | | 84.8% | 5,2 | Batista | | 84.1% | 4,1 | Rowdy Roddy Piper | | 83.8% | 2,7 | Vader | | 83.6% | 5,7 | Kurt Angle | | 83.4% | 5,8 | Brock Lesnar | | 82.9% | 4,3 | Diesel | | 82.5% | 5,3 | Sheamus | | 82.2% | 2,1 | Sting | | 82.2% | 5,6 | JBL | | 81.9% | 7,1 | Vince McMahon | | 81.7% | 4,8 | Jake The Snake Roberts | | 81.5% | 4,2 | Razor Ramon | | 81.4% | 6,8 | Jeff Hardy | | 81.4% | 4,6 | Million Dollar Man Ted DiBiase | | 81.2% | 5,5 | The Miz | | 81% | 4,4 | Mr Perfect | | 80.5% | 2,2 | Diamond Dallas Page | | 79.5% | 4,7 | Owen Hart | | 79.3% | 6,6 | Christian | | 79.2% | 10,2 | Mankind | | 78.7% | 5,4 | Alberto Del Rio | | 78.5% | 6,4 | Rob Van Dam | | 78.3% | 10,6 | Rey Mysterio Jr | | 77.7% | 7,6 | Jerry The King Lawler | | 77.4% | 2,5 | Lex Luger | | 77.2% | 7,5 | Jim Ross | | 77.2% | 10,8 | Matt Hardy | | 77.2% | 2,8 | Scott Steiner | | 76.6% | 10,3 | Benoit | | 75.9% |
|
Grid Position | Name |
7,7 | Michael Cole | | 74.4% | 10,5 | Eddie Guerrero | | 74.1% | 10,7 | The Great Khali | | 74% | 6,1 | Taz | | 73.8% | 9,4 | Road Warrior Animal | | 73.8% | 8,8 | Yokozuna | | 73.2% | 9,3 | Road Warrior Hawk | | 72.7% | 10,1 | Sgt Slaughter | | 72.3% | 6,7 | Hardcore Holly | | 72.3% | 7,2 | Eric Bischoff | | 71.5% | 8,1 | Bam Bam Bigelow | | 71.1% | 6,5 | Terry Funk | | 70.8% | 14,5 | Shane McMahon | | 70.5% | 11,3 | Honky Tonk Man | | 70.1% | 8,4 | Big Bossman | | 69.9% | 16,7 | Goldust | | 69.4% | 2,6 | Sid Justice | | 68.8% | 12,8 | Umaga | | 68.4% | 16,1 | Doink The Clown | | 68% | 12,5 | Viscera | | 67.7% | 6,3 | Sabu | | 67.6% | 11,2 | Ricky The Dragon Steamboat | | 66.8% | 8,6 | Ravishing Rick Rude | | 66.7% | 15,5 | Rikishi | | 66.6% | 13,8 | Bubba Ray Dudley | | 66.4% | 14,7 | Hacksaw Jim Duggan | | 66.4% | 8,7 | The British Bulldog | | 65.8% | 14,1 | Jimmy Hart | | 65.5% | 7,4 | Bobby The Brain Heenan | | 64.5% | 11,1 | Superfly Jimmy Snuka | | 64.2% | 17,1 | Ron Simmons | | 64% | 10,4 | Dean Malenko | | 63.7% | 9,1 | Earthquake | | 63.5% | 13,7 | D-Von Dudley | | 63.4% | 16,8 | Santino Marella | | 62% | 12,2 | Kamala | | 60.7% | 9,2 | Typhoon | | 60.1% | 7,3 | Gorilla Monsoon | | 59.9% | 7,8 | Earl Hebner | | 59.5% | 11,7 | Junk Yard Dog | | 59.4% | 9,5 | Ax | | 59.3% | 12,6 | Papa Shango | | 58.8% | 14,2 | Mean Gene Okerlund | | 58.7% | 14,3 | The Fink | | 58.7% | 16,2 | Irwin R Shyster | | 58.6% | 9,6 | Smash | | 58.6% | 11,5 | George The Animal Steele | | 58.3% | 8,2 | Giant Gonzalez | | 57.4% |
|
Grid Position | Name |
12,1 | King Kong Bundy | | 56.7% | 17,6 | Jeff Jarrett | | 56.6% | 15,7 | Rick Steiner | | 55.8% | 11,4 | Greg The Hammer Valentine | | 55.7% | 18,3 | D'Lo Brown | | 55.4% | 15,2 | The Mountie | | 54.9% | 16,3 | Virgil | | 54.9% | 15,1 | Jim The Anvil Neidhart | | 54.9% | 16,5 | 123 Kid | | 54.9% | 18,6 | CM Punk | | 54.2% | 17,4 | Raven | | 53.7% | 17,3 | Saturn | | 53.6% | 14,4 | Jesse The Body Ventura | | 52.9% | 18,5 | Ken Shamrock | | 50.9% | 14,8 | Koko B Ware | | 50.6% | 9,7 | Billy Gunn | | 49.9% | 17,7 | Kidman | | 49.7% | 17,2 | Arn Anderson | | 49.6% | 14,6 | Brutus The Barber Beefcake | | 49.1% | 15,8 | Buff Bagwell | | 48.9% | 9,8 | Bart Gunn | | 48.2% | 8,3 | Texas Tornado | | 47.7% | 15,4 | Marty Jannetty | | 47.5% | 17,8 | Ultimo Dragon | | 47% | 13,3 | Brian Knobbs | | 46.1% | 13,1 | Tito Santana | | 46% | 4,5 | Tatanka | | 46% | 12,4 | Big John Studd | | 45% | 15,6 | Stevie Ray | | 44.9% | 11,6 | Mr Wonderful | | 44.1% | 6,2 | Mike Awesome | | 43.1% | 18,4 | Ahmed Johnson | | 42.8% | 18,7 | Nikolai Volkoff | | 42.6% | 12,3 | One Man Gang | | 42.4% | 13,4 | Jerry Sags | | 41% | 13,2 | The Model Rick Martel | | 40.7% | 18,1 | Haku | | 39.7% | 8,5 | Crush | | 39.5% | 11,8 | Bad News Brown | | 39.1% | 17,5 | Konnan | | 38.5% | 16,4 | Adam Bomb | | 37% | 13,5 | Hercules (Power) | | 34.8% | 18,2 | The Barbarian | | 33.7% | 12,7 | Bastion Booger | | 33.6% | 15,3 | Dynamite Kid | | 32.6% | 18,8 | Brooklyn Brawler | | 30.3% | 13,6 | Paul Roma (Glory) | | 28.3% | 16,6 | Ludvig Borga | | 24% |
|
Comments